| 000 | 00377nam a2200133Ia 4500 | ||
|---|---|---|---|
| 008 | 151021s9999 xx 000 0 und d | ||
| 020 | _a2192029 | ||
| 050 | _aLB 1573 .M 1998 | ||
| 245 | _a_Interactive Read -Aloud Anthology with plays McGrawhill | ||
| 260 | _aNewYork McGraw hill 2003 | ||
| 300 | _a260p.ill | ||
| 650 | _a_Anthology | ||
| 980 | _a^d20120830 04:46:38^oanne | ||
| 999 |
_c12737 _d12737 |
||